Metodos basicos de laboratorio en bacteriologia clinica (Registro nro. 2003)

Detalles MARC
000 -LEADER
fixed length control field 00918nam a2200289 a 4500
003 - CONTROL NUMBER IDENTIFIER
control field OSt
005 - FECHA ULTIMA MODIFICACION
control field 20131105143321.0
008 - FIXED-LENGTH DATA ELEMENTS--GENERAL INFORMATION
fixed length control field 131105s1993 sz ||||| |||| 00| 0 eng d
020 ## - INTERNATIONAL STANDARD BOOK NUMBER
International Standard Book Number 92-4-354425-X
040 ## - CATALOGING SOURCE
Transcribing agency Biblioteca Medicina
041 ## - LANGUAGE CODE
Language code of text/sound track or separate title spa
082 ## - DEWEY DECIMAL CLASSIFICATION NUMBER
Classification number OMS QY 100
100 1# - MAIN ENTRY--PERSONAL NAME
Personal name Vandepitte, J.
9 (RLIN) 2800
110 ## - MAIN ENTRY--CORPORATE NAME
Corporate name or jurisdiction name as entry element Organizacion Mundial de la Salud
9 (RLIN) 1006
245 00 - TITLE STATEMENT
Title Metodos basicos de laboratorio en bacteriologia clinica
250 ## - EDITION STATEMENT
Edition statement 1° ed.
260 ## - PUBLICATION, DISTRIBUTION, ETC. (IMPRINT)
Place of publication, distribution, etc Ginebra
Name of publisher, distributor, etc Organizacion Mundial de la Salud
Date of publication, distribution, etc 1993
300 ## - PHYSICAL DESCRIPTION
Extent 122 p.
653 ## - INDEX TERM--UNCONTROLLED
Uncontrolled term DIAGNOSTICO DE LABORATORIO-METODOS
653 ## - INDEX TERM--UNCONTROLLED
Uncontrolled term TECNICAS BACTERIOLOGICAS
700 10 - ADDED ENTRY--PERSONAL NAME
Personal name Engbaek, K
9 (RLIN) 2801
700 10 - ADDED ENTRY--PERSONAL NAME
Personal name Piot, P.
9 (RLIN) 2802
700 10 - ADDED ENTRY--PERSONAL NAME
Personal name Heuck, C. C.
9 (RLIN) 2803
856 ## - ELECTRONIC LOCATION AND ACCESS
Link text http://www.who.int/publications/es/
942 ## - ADDED ENTRY ELEMENTS (KOHA)
Source of classification or shelving scheme Dewey Decimal Classification
Koha item type Hemeroteca
Existencias
Withdrawn status Lost status Fuente de clasificación Damaged status Not for loan Colección Ubicación permanente Ubicación actual Sala de ubicación Fecha de adquisición Total Checkouts Número de clasificación Código de barras Date last seen Número de ejemplar Price effective from Koha tipo de elemento (item)
    Dewey Decimal Classification     Non-fiction Biblioteca Medicina Biblioteca Medicina Circulación 05/11/2013   OMS QY 100 H0254 06/11/2014 Ej. 1 05/11/2013 Hemeroteca

UNIVERSIDAD NACIONAL DEL COMAHUE
Biblioteca de la Facultad de Ciencias Médicas
Sede Toschi: Los Arrayanes y Av. Toschi, Cipolletti  - Rio Negro
Sede Los Tordos:  Yrigoyen al 2211, Cipolletti - Rio Negro 

Teléfono: 0299 - 4774707 int 25
Contacto: biblioteca@facimed.uncoma.edu.ar
© 2011 - 2026